000 01037nam a22002417a 4500
999 _c9801
_d9801
003 AR-CdUCM
008 190328b ||||| |||| 00| 0 spa d
040 _aMUNICIPALIDAD PROVINCIAL DEL CUSCO
_cBIBLIOTECA MUNICIPAL DEL CUSCO
082 _a232.958 /
_bB39 /1944
100 _aBellarmino, San Roberto
_926249
245 _aLibro de las siete palabras :
_bque Cristo habló en la Cruz /
260 _aBuenos Aires :
_bEmecé,
_c1944.
300 _a306 páginas ;
_bretrato,
_c17 cm.
440 _aBiblioteca del Peregrino.
_926250
505 _aContenido: En que se explica literalmente la primera palabra -- Del primer fruto que debemos sacar de la primera palabra -- De otro fruto de la misma palabra -- En que se declara literalmente la segunda palabra -- Del primer fruto de esta palabra ...
650 _aJesucristo
_98714
650 _aPalabras
_926251
650 _aReligión
_91195
700 _aAndrade, Alonso de (traducción)
_926252
700 _aVallejo, Antonio (prólogo)
_926253
942 _2ddc
_cLIBROS
945 _aachl